Mecánica del suelo y dimensionamiento de firmes

Guardat en:
Dades bibliogràfiques
Autor principal: L'Herminier, R (Autor)
Format: Llibre
Idioma:espanyol
Publicat: Barcelona Blume 1968
Matèries:
Etiquetes: Afegir etiqueta
Sense etiquetes, Sigues el primer a etiquetar aquest registre!

MARC

LEADER 00000nam a2200000 a 4500
001 UCU6157
003 CL-VaPUC
008 960614e19680000SP |||||||||||||||||spa|d
082 0 4 |a 624.151  |b LHE  |2 21 
100 0 |a L'Herminier, R  |e author  |9 364288 
245 1 0 |a Mecánica del suelo y dimensionamiento de firmes 
300 |a 208 p 
942 |c BK 
945 |d 19960614 00:00:00  |a paguirre 
260 |a Barcelona  |b Blume  |c 1968 
650 7 |a MECANICA DEL SUELO  |2 CL-VaPUC  |9 350104 
650 0 |a Suelos  |9 260322 
650 0 |a Propiedades del suelo  |9 350106 
650 7 |a TIERRAS  |2 CL-VaPUC  |9 357983 
650 7 |a CLASIFICACION DE SUELOS  |2 CL-VaPUC  |9 364289 
583 |a last modification  |c 19960614 00:00:00  |k Rodrigo Vera 
999 |c 249181  |d 249179 
952 |0 0  |1 0  |4 0  |6 624_151000000000000_LHE_1968  |7 0  |8 A  |9 266264  |a BIBING  |b BIBING  |d 2019-11-19  |i 1683497  |o 624.151 LHE 1968  |p 1683497  |r 2023-03-02  |w 2019-11-19  |y BK  |k CCL